00739nam a2200241 a 4500001001300000003000900013005001700022008004100039020002200080082001600102100001900118245004300137260004600180300000900226500003500235505004300270650001800313700001900331902000800350942000700358952011500365999001700480nice12345678IN_TiNIC20260116013912.0050524s1988 lona grp 000 0 eng  a0040397 c7500a956.91bHOP aHopwood, Derek aSyria 1945-1986b Politics and Society aLondonbGeorge Allen and Unwin Ltd c1988 a193p aincludes index and biblioraphy2 aSelected Bibliography, Glossary, Index aSyria-History1 aHopwood, Derek bSRS cBK 001040708StackRoom-aHMIbHMId2009-02-16g75.00l0o956.91 HOPp015936r2009-02-16v75.00w2005-05-24yBK c13027d13027